Mzdy a mzdová politika v tržních ekonomikách.

Mzdové stimuly. Alokácia pracovných síl v trhovej ekonomike. Systémy tvorby miezd. Kolektívne vyjednávanie a arbitráž. Zmiešané systémy tvorby miezd. Odmeňovanie a pohyby na pracovnom trhu. Individuálne a skupinové stimuly. Stimulácia vedúcich pracovníkov. Stratégia rastu miezd. Dôchodková politika.

Salvato in:
Dettagli Bibliografici
Natura: Capitolo di libro
Lingua:ceco
Soggetti:
Tags: Aggiungi Tag
Nessun Tag, puoi essere il primo ad aggiungerne!!

MARC

LEADER 00000naa a2200000 4500
001 r011365
005 20220826093932.5
041 0 |a cze 
044 |a [CS] 
245 1 0 |a Mzdy a mzdová politika v tržních ekonomikách. 
520 |a Mzdové stimuly. Alokácia pracovných síl v trhovej ekonomike. Systémy tvorby miezd. Kolektívne vyjednávanie a arbitráž. Zmiešané systémy tvorby miezd. Odmeňovanie a pohyby na pracovnom trhu. Individuálne a skupinové stimuly. Stimulácia vedúcich pracovníkov. Stratégia rastu miezd. Dôchodková politika. 
610 2 0 |a mzdy 
610 2 0 |a politika mzdová 
610 2 0 |a stimulovanie hmotné 
610 2 0 |a hospodárstvo trhové 
610 2 0 |a trh práce 
610 2 0 |a politika dôchodková 
610 2 0 |a rozmiestenie síl pracovných 
610 2 0 |a arbitráž 
610 2 0 |a zmluvy kolektívne